[Event "US Open-113"]
[Site "Vancouver"]
[Date "2012.08.07"]
[Round "4"]
[White "Gelman, Jeffrey A"]
[Black "Truong, Kenneth"]
[Result "0-1"]
[WhiteElo "1900"]
[BlackElo "1714"]
[PlyCount "54"]
[EventDate "2012.08.04"]
[EventType "swiss"]
[EventRounds "9"]
[EventCountry "USA"]
[SourceTitle "CBM 149 Extra"]
[Source "ChessBase"]
[SourceDate "2012.08.24"]
[SourceVersion "1"]
[SourceVersionDate "2012.08.24"]
[SourceQuality "1"]

1. c4 e5 2. g3 Nf6 3. Bg2 d5 4. cxd5 Nxd5 5. d3 Be6 6. Nf3 Nc6 7. Bd2 Bc5 8. Nc3 f6 9. h4 Qd7 10. Ne4 Bb6 11. Rc1 0-0-0 12. Nc5 Bxc5 13. Rxc5 h6 14. a3 g5 15. b4 g4 16. Nh2 Qd6 17. Nf1 f5 18. Ne3 Nxe3 19. Bxe3 f4 20. gxf4 exf4 21. Bd2 f3 22. Bf1 Nd4 23. e3 Rde8 24. Bc3 Bb3 25. Qc1 Rxe3+ 26. Kd2 Re7 27. Bxd4 Qxd4 0-1